BBC beginner's English (Record no. 194849)

000 -LEADER
fixed length control field 00379 a2200157 4500
003 - CONTROL NUMBER IDENTIFIER
control field Nust
005 - DATE AND TIME OF LATEST TRANSACTION
control field 20170207154205.0
040 ## - CATALOGING SOURCE
Transcribing agency Nust
082 ## - DEWEY DECIMAL CLASSIFICATION NUMBER
Classification number 428
100 ## - MAIN ENTRY--PERSONAL NAME
Personal name Judy Garton
245 ## - TITLE STATEMENT
Title BBC beginner's English
Remainder of title 2 Stage Two Workbook
Statement of responsibility, etc. Judy Garton
260 ## - PUBLICATION, DISTRIBUTION, ETC.
Place of publication, distribution, etc. London
Name of publisher, distributor, etc. BBC English
Date of publication, distribution, etc. 1987
300 ## - PHYSICAL DESCRIPTION
Extent 61.p
538 ## - SYSTEM DETAILS NOTE
System details note Almirah No.17and Shelf No.1
650 ## - SUBJECT ADDED ENTRY--TOPICAL TERM
Topical term or geographic name entry element Greenall, Simon
942 ## - ADDED ENTRY ELEMENTS (KOHA)
Koha item type Reference
Holdings
Withdrawn status Lost status Source of classification or shelving scheme Damaged status Not for loan Permanent Location Current Location Shelving location Date acquired Full call number Barcode Date last seen Price effective from Koha item type Public note
          Military College of Signals (MCS) Military College of Signals (MCS) General Stacks 12/12/2016 428,GAR MCS36726 12/08/2016 12/12/2016 Book Almirah No.82, Shelf No.5
© 2023 Central Library, National University of Sciences and Technology. All Rights Reserved.